000 01144nam0a22002531 4500
001 rc\4544768
005 20250611192919.0
021 _aRU
_b[63-86878]
035 _a(NLR Aleph) 008361926
090 _a9003677
_c9003677
100 _a20130416d1963 |||y0rusy50 ca
101 0 _arus
102 _aRU
105 _ay z |||||
200 1 _aГидравлические струйные регуляторы
_e(Основы теории, расчет и применение)
_eОбобщающий доклад по собранию опублик. работ, представл. на соискание учен. степени кандидата техн. наук
_fМ-во высш. и сред. спец. образования РСФСР. Моск. ордена Ленина энергет. ин-т
210 _aМосква
_cБ. и.
_d1963
215 _a21 с.
_d20
320 _aСписок работ автора: с. 20-21 (23 назв.)
700 1 _aКошарский
_bБ.Д.
_gБорис Давидович
801 0 _aRU
_bNLR
_gpsbo
801 1 _aRU
_bELAR
_2rusmarc
852 _aNLR
_j63-4|19128
942 _cBOOK
980 _aNB